000 01754nam a2200289Ia 4500
001 E5527
003 IT-RoPAU
008 130308s9999 xx 000 0 und d
040 _aIT-RoPAU
040 _cIT-RoPAU
041 _aITALIANO
100 _aBodei Remo
100 _gCodice Aut. SPICS: 2055
245 _aFilosofia del Novecento (La)
245 _bFilosofia del Novecento (La)
250 _a1a ed.
260 _aROMA
260 _bDonzelli
260 _c1997 [1° Ed.:1997 - Ed.Ling.Originale:1997]
300 _a"192 p. (prefazione: no ; testo: 192)"
500 _aFilosofie Dello Slancio. Filosofia e Sapere Scientifico. pathos dell'Oggettivazione: Durkheim e Weber, da croce a Gramsci. Dislivelli della Storia: storicismo di Dilthey, Filosofia dell'Antropologia, Mito e Ragione Strumentale del Nazionalsocialismo. incontro delle Filosofie e Nuova Epistemologia. pensiero Dialettico. Mondo e Sguardo: Husserl e la Visione della Cosa, Schutz e le Migrazioni di Senso, Heidegger e Il Disvelamento dell'Essere, Witgenstein Linguaggio e Mondo, Sartre e Lo Sguardo dell'Altro, Laing e bateson e gli Inestricabili Nodi, Merleau Ponty e la tovaglia Bianca, Foucault e Losguardo del Potere e le Tecniche dell'Io, Parfit o Il tunnel di vetro dell'Identità. Vincoli della Tradizione: Blumenberg e le Metafore, Gadamer e L'Ermeneutica, mitologia bianca di Derrida. Vita Activa: Arendt Pensare Volere e Giudicare, Habermas e Il Deserto Avanza, Rawls Lotteria Naturale e Giustizia. guardando Avanti: Orizzonti della Terra, Dall'Italia, Rorty Comunità e Verità, Incertezza e Disimpegno, ritorno della Responsabilita'.
650 _aEPISTEMOLOGIA
650 _eCodice materia Spics: 3051
942 _cBK
957 _71
999 _c87598
_d87598
999 _g1